| LEADER | 00982nam a2200205 a 4500 | ||
|---|---|---|---|
| 001 | GR-MES6000 | ||
| 008 | 991227s gr 000 0 gre d | ||
| 020 | |a 9602487879 | ||
| 040 | |a GrPaTEI |b gre |c GR-PaULI | ||
| 040 | |a GrPaTEI |b gre |c GR-PaULI | ||
| 082 | 0 | |a 940 |2 21 | |
| 100 | 1 | |a Ζαραβέλας, Δημήτρης | |
| 245 | 1 | 0 | |a Μπερμπελούσα : |b (Ιστορική και παραδοσιακή διηγηματική των Λογγάδων Ιωαννίνων) / |c Δημήτρης Αθ. Ζαραβέλας. |
| 260 | |a Αθήνα : |b Δωδώνη, |c 1995 | ||
| 300 | |a 141 σ. : |b εικ. ; |c 22 εκ. | ||
| 650 | 4 | |a Λαογραφία |z Ιωάννινα |z Λογγάδες | |
| 942 | |2 ddc | ||
| 952 | |0 0 |1 0 |2 ddc |4 0 |6 940_000000000000000_ΖΑΡ |7 0 |9 276386 |a MSLG |b MSLG |c BSC |d 2021-01-17 |e 24 |f 0 |g 0.00 |l 0 |o 940 ΖΑΡ |p 2420000011088 |r 2021-01-17 00:00:00 |t 1 |w 2021-01-17 |y 7 |x 19991227 0 ΤΣΑΝΤΑΡΛΙΩΤΗ 1 |x GrPaTEI | ||
| 971 | |a .b25844684 |b 16-04-20 |c 14-09-16 | ||
| 999 | |c 160319 |d 160319 | ||